| 000 | 00817nam0a22002531 4500 | ||
|---|---|---|---|
| 001 | rc\4938185 | ||
| 005 | 20250612210528.0 | ||
| 021 |
_aRU _bРг6725-66 |
||
| 021 |
_aRU _b66-ОЭ-2462/36 |
||
| 035 | _a(NLR Aleph) 008849807 | ||
| 090 |
_a8393191 _c8393191 |
||
| 100 | _a20130426d1966 |||y0rusy50 ca | ||
| 101 | 0 |
_arus _aeng |
|
| 102 | _aRU | ||
| 105 | _aa z ||||| | ||
| 200 | 1 |
_aЭлектродвигатели серии КО-3Т _e[Инструкция по монтажу и эксплуатации] _fV/O "Machinoexport" |
|
| 210 |
_a[Москва] _cВнешторгиздат _d[1966] |
||
| 215 |
_a19 с. _cил. _d22 |
||
| 300 | _aТекст парал. на рус. и англ. яз. | ||
| 801 | 0 |
_aRU _bNLR _gpsbo |
|
| 801 | 1 |
_aRU _bELAR _2rusmarc |
|
| 852 |
_aNLR _j66-6/10240 |
||
| 942 | _cBOOK | ||
| 980 | _aNB | ||